000 00649cam a2200241 4500500
005 20260405000930.0
041 _afre
042 _adc
100 1 0 _aDuru, Martin
_eauthor
245 0 0 _aL’être et le boulot
260 _c2010.
500 _a44
690 _aAliénation
690 _aBataille
690 _aDépense
690 _aHannah Arendt
690 _aMarx
690 _aNietzsche
690 _aSénèque
690 _aWeil
786 0 _nPhilosophie magazine | 39 | 5 | 2010-05-01 | p. 15-16 | 1951-1787
856 4 1 _uhttps://shs.cairn.info/magazine-philosophie-magazine-2010-5-page-15?lang=fr&redirect-ssocas=7080
999 _c2042282
_d2042282